Statistics for Municipalities of Winnebago County, Wisconsin

Click here to take the quiz!

General Stats

  • This quiz has been taken 30 times
  • The average score is 14 of 26

Answers on the Map

Answers color-coded by a green-red scale on the quiz's map according to % correct below.
 

Answer Stats

Answer% Correct
City of Oshkosh
100%
Town of Oshkosh
100%
City of Neenah
83%
Town of Neenah
83%
City of Menasha
75%
City of Omro
75%
Town of Omro
75%
City of Appleton
67%
Town of Winneconne
67%
Village of Fox Crossing
67%
Village of Winneconne
67%
Census Designated Place of Waukau
50%
Town of Rushford
50%
Town of Clayton
42%
Town of Utica
42%
Town of Vinland
42%
Census Designated Place of Butte des Morts
33%
Census Designated Place of Eureka
33%
Town of Algoma
33%
Town of Black Wolf
33%
Town of Nepeuskun
33%
Town of Poygan
33%
Census Designated Place of Winchester
25%
Town of Nekimi
25%
Town of Winchester
25%
Town of Wolf River
25%

Score Distribution

Percentile by Number Answered

Percent of People with Each Score

Your Score History

You have not taken this quiz